| 000 | 00695nam a22002657a 4500 | ||
|---|---|---|---|
| 003 | UA-OsUOA | ||
| 001 | 102457 | ||
| 007 | ta | ||
| 008 | 20130916b un ||||| |||| 00| 0 ukr d | ||
| 100 | _aМалик Я. | ||
| 700 | _aВол Б. | ||
| 700 | _aЧуприна В. | ||
| 090 |
_a94(477) _bМ19 |
||
| 942 | _cBK | ||
| 040 |
_aUA-OsUOA _bukr _cUA-OsUOA _dUA-OsUOA |
||
| 245 | _aІсторія української державності | ||
| 300 | _a248 с. | ||
| 955 | _a2 | ||
| 041 | _aukr | ||
| 080 | _a94(477) | ||
| 020 | _a5-7773-0026-Х | ||
| 260 |
_aЛьвів _bСвіт _c1995 |
||
| 650 | 7 |
_a9 Географія. Біографії. Історія _2UDC |
|
| 999 |
_c388683 _d388683 |
||